000 00321nam a2200145Ia 4500
100 _aAcerson/K.L
942 _cRB
654 _aWord Perfect
245 _aWord Perfect 5.1 Complete Reference
260 _bOsborne McGraw Hill
_aU S A
_c1990
082 _a1.6
_bAce
300 _a1327
546 _aENGLISH
999 _c34484
_d34484